|
|
|
|
| LEADER |
00659nab a2200169 i 4500 |
| 001 |
misc731 |
| 005 |
20191106144049.0 |
| 008 |
170607s1902 hu o 0|| hun d |
| 040 |
|
|
|a SZTE Miscellanea Repozitórium
|b hun
|
| 041 |
|
|
|a hun
|
| 100 |
1 |
|
|a Zoltai Lajos
|
| 245 |
1 |
0 |
|a Ház és tanyaföldek osztása Debreczenben a XVIII. század első felében
|h [elektronikus dokumentum] /
|c Zoltai Lajos
|
| 260 |
|
|
|c 1902
|
| 300 |
|
|
|a 416-419
|
| 490 |
0 |
|
|a Magyar gazdaságtörténelmi szemle
|v 9
|
| 695 |
|
|
|a Közgazdaságtudomány, Magyarország történelme, Gazdaságtörténet
|
| 856 |
4 |
0 |
|u http://misc.bibl.u-szeged.hu/731/1/gazd_tort_szeml_1902_416-419.pdf
|z Dokumentum-elérés
|